| 000 | 00450nab a2200145Ia 4500 | ||
|---|---|---|---|
| 003 | ES-SlBCS | ||
| 005 | 20210601132850.0 | ||
| 008 | 140529s1960 xxu||||| |||| 00| 0 ita d | ||
| 041 | _aita | ||
| 100 | 1 |
_aDrago, Giovanni _962838 |
|
| 245 | 0 | 0 |
_aIntorno ad alcune premesse speculative della legge penale _c Giovanni Drago |
| 650 | 0 | 4 |
_aLey Penal _9199633 |
| 773 | 0 |
_tGiornali di Metafisica _gvol. 15, nº. 1, 1960, págs. 49-54 _w0017-0372 |
|
| 942 | _cAR | ||
| 999 |
_c586866 _d586866 |
||